| 000 -LEADER | |
|---|---|
| fixed length control field | 00372nam a22001577a 4500 |
| 005 - DATE AND TIME OF LATEST TRANSACTION | |
| control field | 20180412114216.0 |
| 008 - FIXED-LENGTH DATA ELEMENTS--GENERAL INFORMATION | |
| fixed length control field | 160526b xxu||||| |||| 00| 0 eng d |
| 041 ## - LANGUAGE CODE | |
| Language code of text/sound track or separate title | eng |
| 082 ## - DEWEY DECIMAL CLASSIFICATION NUMBER | |
| Item number | 5062 |
| Classification number | 346.066 |
| 100 ## - MAIN ENTRY--AUTHOR NAME | |
| Personal name | Bangia, R.K. |
| 245 ## - TITLE STATEMENT | |
| Title | Company Law |
| 260 ## - PUBLICATION, DISTRIBUTION, ETC. (IMPRINT) | |
| Place of publication | New Delhi |
| Name of publisher | Academic Faundation |
| Year of publication | 2004 |
| 300 ## - PHYSICAL DESCRIPTION | |
| Number of Pages | 268 |
| 650 ## - SUBJECT ADDED ENTRY--TOPICAL TERM | |
| Topical Term | Management |
| 942 ## - ADDED ENTRY ELEMENTS (KOHA) | |
| Koha item type | Books |
| Lost status | Damaged status | Home library | Current library | Shelving location | Date acquired | Cost, normal purchase price | Full call number | Accession Number | Koha item type | Collection code | Source of acquisition |
|---|---|---|---|---|---|---|---|---|---|---|---|
| JRU Library | JRU Library | SHELF- 67 E | 26/05/2016 | 150.00 | 346.066 | 5062 | Books | ||||
| JRU Library | JRU Library | SHELF- 67 E | 26/05/2016 | 150.00 | 346.066 | 5063 | Books | ||||
| JRU Library | JRU Library | SHELF-29-E | 26/05/2016 | 150.00 | 346.066 | 5064 | Books | LAW | |||
| JRU Library | JRU Library | SHELF-1-C | 26/05/2016 | 150.00 | 346.066 | 5065 | Books | Reference | PURCHASE |